000 00871nas a2200277 4500
001 BR8103405
003 BR-BrBNA
005 20231205084752.0
007 ta
008 230509b bl.|||p| |||| 00| 00por d
040 _aBR-BrBNA
_bpor
_cBiblioteca Nacional de Agricultura
041 _a(Pt)
072 _aH20
100 1 _aPonte, J.J. da
100 1 _aFranco, A.
100 1 _aLeal, O.B.
100 1 _aCirino, A.
245 1 _aA cercosporiose da carnauba, Copernicia cerifera (Arruda Camara)Mart, [Brasil]
246 1 _aCercosporiosis of the carnauba-palm, Copernicia cerifera (Arruda Camara)Mart. [Brazil]
650 _aDoenca de planta
650 _aCarnauba
650 _aCercosporiose
773 0 _tFitossanidade (Brazil)
_xISSN 0100-4205
_g(Dec 1980), v. 4(1) p. 20-21
_wBR8103405
909 _a202311
_bLúcia
_c55
_dLúcia Elande
942 _2AGRIS
_n0
_cANA
999 _c107169
_d107169